[Event "XXXVI Capablanca Mem Premier I"]
[Site "Havana CUB"]
[Date "2001.05.20"]
[Round "13"]
[White "Szekely,P"]
[Black "Pecorelli Garcia,H"]
[Result "1-0"]
[WhiteElo "2429"]
[BlackElo "2430"]

1.Nf3 Nf6 2.c4 g6 3.g3 Bg7 4.Bg2 O-O 5.d4 d6 6.Nc3 Nc6 7.O-O a6 8.h3 Rb8
9.e4 b5 10.cxb5 axb5 11.Re1 e6 12.Qc2 b4 13.Ne2 Bb7 14.Nf4 g5 15.Nd3 h6 16.Bd2 g4
17.hxg4 Nxg4 18.Qd1 Qf6 19.Nf4 Nxd4 20.Nh5 Qg6 21.Nxg7 Nc6 22.Nf5 exf5 23.Nh4 Qh5
24.f3 f4 25.fxg4 Qc5+ 26.Kh1 fxg3 27.Nf5 Ne5 28.Rc1 Qa5 29.Bxh6 f6 30.Bxf8 Rxf8
31.Re3 Kf7 32.Qb3+ Kg6 33.Rxg3 Qb6 34.Qe3 Rh8+ 35.Kg1 Qa6 36.Rxc7 Nf7 37.g5  1-0

[Event "Open"]
[Site "Pula CRO"]
[Date "2001.05.22"]
[Round "5"]
[White "Velickovic,Z"]
[Black "Topalovic,Z"]
[Result "1-0"]
[WhiteElo "2367"]
[BlackElo "2229"]

1.Nf3 Nf6 2.g3 g6 3.c4 Bg7 4.Bg2 O-O 5.d4 d6 6.O-O c6 7.Nc3 Qa5 8.h3 Qa6
9.b3 b5 10.Nd2 Bb7 11.Bb2 Nbd7 12.e4 bxc4 13.Nxc4 Nb6 14.Ne3 Rac8 15.Re1 Rfd8
16.Qd2 e5 17.Rad1 exd4 18.Qxd4 Nfd5 19.Qd2 Nxe3 20.Rxe3 Qa5 21.Ne2 Qxa2 22.Nd4 c5
23.Ra1  1-0

[Event "TCh-YUG"]
[Site "Herceg Novi YUG"]
[Date "2001.05.23"]
[Round "10"]
[White "Tadic,B"]
[Black "Pavlovic,Mi"]
[Result "1/2-1/2"]
[WhiteElo "2432"]
[BlackElo "2501"]

1.Nf3 Nf6 2.c4 g6 3.g3 Bg7 4.Bg2 O-O 5.O-O d5 6.d4 dxc4 7.Na3 c3 8.bxc3 c5
9.e3 Nc6 10.Bb2 Nd5 11.Qe2 Nb6 12.Rac1 Qd5 13.Ba1 Qh5 14.Qb5 Bg4 15.dxc5 Bxf3
16.cxb6 axb6 17.Qxh5 Bxh5 18.Nc2 Rxa2 19.Nb4 Nxb4 20.cxb4 Be2 21.Rfe1 Rd8
22.Bxb7 h5 23.Bxg7 Kxg7 24.Ra1 Rb2 25.Rab1 Rdd2 26.Be4 Ra2 27.Ra1 Rxa1 28.Rxa1 f5
29.Bc6 Rb2 30.Re1 Bc4 31.e4 e6 32.exf5 exf5 33.b5 Kf6 34.Rd1 Be2 35.Rd5 Ke6
36.Rd8 Bxb5 37.Re8+ Kf6 38.Bxb5 Rxb5 39.Rb8 Rb2 40.Kg2 b5 41.Rb6+ Kg7 42.Rb7+  1/2-1/2

[Event "XXVI Elekes Mem GM"]
[Site "Budapest HUN"]
[Date "2001.05.25"]
[Round "5"]
[White "Csom,I"]
[Black "Szieberth,A"]
[Result "1-0"]
[WhiteElo "2431"]
[BlackElo "2389"]

1.Nf3 Nf6 2.c4 g6 3.g3 Bg7 4.Bg2 O-O 5.O-O c5 6.d4 cxd4 7.Nxd4 Nc6 8.Nc2 d6
9.Nc3 Be6 10.Ne3 Rc8 11.Bd2 Qd7 12.Re1 Nd4 13.Ncd5 Nxd5 14.cxd5 Bh3 15.Bc3 Bxg2
16.Bxd4 Bh3 17.Bxg7 Kxg7 18.Qd4+ Kg8 19.Qxa7 Rc5 20.Qb6 e5 21.dxe6 Qxe6 22.Rad1 Qxa2
23.Rxd6 Rc6 24.Rxc6 bxc6 25.f3 Qe6 26.Rc1 Rc8 27.Qd4 Qe7 28.Kf2 Be6 29.Rc5 Rd8
30.Qc3 f5 31.Rxc6 f4 32.Ng2 Qa7+ 33.Rc5 Rd5 34.b4 fxg3+ 35.hxg3 Rd1 36.Ne3 Rh1
37.Qe5  1-0

[Event "Open"]
[Site "Pula CRO"]
[Date "2001.05.26"]
[Round "9"]
[White "Velickovic,Z"]
[Black "Sudar,B"]
[Result "1/2-1/2"]
[WhiteElo "2367"]
[BlackElo "2223"]

1.Nf3 Nf6 2.g3 g6 3.Bg2 Bg7 4.c4 O-O 5.O-O d6 6.d4 Nc6 7.Nc3 a6 8.h3 Rb8
9.e4 b5 10.e5 dxe5 11.dxe5 Nd7 12.e6 fxe6 13.Ng5 Nd4 14.Be3 Nb6 15.cxb5 axb5
16.Bxd4 Bxd4 17.Nxb5 Bxb2 18.Rb1 Bf6 19.Qc1 Nd5 20.Ne4 Ba6 21.a4 Qe8 22.Re1 Bxb5
23.Nxf6+ Rxf6 24.axb5 Rxb5 25.Rxb5 Qxb5 26.Bxd5 Qxd5 27.Qxc7 Qf5 28.Qa7 Qxh3
29.Qxe7 Qf5 30.f4 Rf7 31.Qxe6 Qc5+ 32.Kg2 Kg7 33.Re2 Qc7 34.Qe5+ Qxe5 35.Rxe5 h5
36.Re6 Rf6 37.Re8 Rb6 38.Kh3 Rb5 39.Kh4 Kf6 40.Ra8 Rc5 41.Rf8+ Kg7 42.Ra8  1/2-1/2

[Event "TCh-YUG Final"]
[Site "Herceg Novi YUG"]
[Date "2001.05.27"]
[Round "2.1"]
[White "Arsovic,G"]
[Black "Paunovic,D"]
[Result "1/2-1/2"]
[WhiteElo "2415"]
[BlackElo "2467"]

1.Nf3 Nf6 2.c4 g6 3.g3 Bg7 4.Bg2 O-O 5.d4 d5 6.cxd5 Nxd5 7.O-O Nb6 8.Nc3 Nc6
9.d5 Na5 10.e4 c6 11.Bg5 h6 12.Bf4 cxd5 13.Nxd5 Nxd5 14.exd5 Nc4 15.Qc1 Nb6
16.Bxh6 Nxd5 17.Rd1 e6 18.Bxg7 Kxg7 19.Ne5 Rh8 20.Ng4 Qa5 21.Qc4 Nf6 22.Qd4 e5
23.Nxe5 Be6 24.b4 Qa4 25.Qb2 Rac8 26.Rd2 Rhd8 27.Nd3 Qd7 28.Rad1 Qd4 29.Bxb7 Qxb2
30.Nxb2 Rxd2 31.Rxd2 Rb8 32.Bc6 Rxb4 33.a4 Rb6 34.Bf3 Bh3 35.Bg2 Bxg2 36.Kxg2 Rb4
37.Kf3 a5 38.h3 Rb3+ 39.Ke2 Ne4 40.Rc2 Nc3+ 41.Kd2 Ne4+ 42.Ke2 Ra3 43.h4 Nc3+
44.Kd2 Nxa4 45.Nxa4 Rxa4  1/2-1/2

[Event "2nd IECC"]
[Site "Ohrid MKD"]
[Date "2001.06.01"]
[Round "1"]
[White "Pigusov,E"]
[Black "Mrva,Mart"]
[Result "1/2-1/2"]
[WhiteElo "2584"]
[BlackElo "2479"]

1.Nf3 Nf6 2.c4 g6 3.g3 Bg7 4.Bg2 O-O 5.d4 d6 6.O-O Bg4 7.h3 Bxf3 8.Bxf3 Nc6
9.Bg2 Nd7 10.d5 Nce5 11.Na3 Nb6 12.Qb3 c6 13.Be3 c5 14.Bd2 f5 15.f4 Ned7
16.g4 Nf6 17.g5 Ne4 18.Ba5 Qd7 19.Bxe4 fxe4 20.Bxb6 axb6 21.Nb5 Rf7 22.Kg2 Raf8
23.Qe3 e5 24.dxe6 Qxe6 25.Rad1 Bxb2 26.Qb3 Rxf4 27.Rxf4 Rxf4 28.Qxb2 e3 29.Rf1 Rxf1
30.Kxf1 Qxh3+ 31.Kg1 Qg3+ 32.Kh1 Qxg5 33.Qc2 d5 34.cxd5 Qh4+  1/2-1/2

[Event "FSIM June"]
[Site "Budapest HUN"]
[Date "2001.06.05"]
[Round "4"]
[White "Nemeth,Z"]
[Black "Resika,N"]
[Result "1/2-1/2"]
[WhiteElo "2319"]
[BlackElo "2246"]

1.Nf3 g6 2.g3 Bg7 3.Bg2 Nf6 4.c4 O-O 5.d4 d6 6.O-O c6 7.Nc3 Na6 8.h3 e5 9.e4 Qb6
10.c5 dxc5 11.dxe5 Ne8 12.b3 Qc7 13.Bf4 Be6 14.Qc1 c4 15.bxc4 Bxc4 16.e6 Qe7
17.exf7+ Rxf7 18.Rd1 Nc5 19.Ng5 Nd3 20.Rxd3 Bxd3 21.Nxf7 Qxf7 22.Qa3 Bc4
23.Rc1 Bd4 24.Bf1 Bxf1 25.Kxf1 Ng7  1/2-1/2

[Event "2nd IECC"]
[Site "Ohrid MKD"]
[Date "2001.06.05"]
[Round "5"]
[White "Pigusov,E"]
[Black "Jacimovic,D"]
[Result "1-0"]
[WhiteElo "2584"]
[BlackElo "2504"]

1.Nf3 Nf6 2.c4 g6 3.g3 Bg7 4.Bg2 O-O 5.d4 d6 6.O-O c6 7.Nc3 Qb6 8.e3 Bf5
9.b3 Re8 10.Bb2 Na6 11.h3 e5 12.g4 Be4 13.Nxe4 Nxe4 14.Qc2 exd4 15.Bxd4 Nb4
16.Qd1 Bxd4 17.Nxd4 d5 18.a3 Na6 19.cxd5 cxd5 20.b4 Nc7 21.Qd3 Rad8 22.Rac1 a6
23.Rfd1 Na8 24.Nb3 Qf6 25.Rc2 Nb6 26.Qd4 Qxd4 27.Rxd4 Nd6 28.Nc5 Rc8 29.Ra2 Rc7
30.a4 a5 31.bxa5 Nbc4 32.Nb3 Ne4 33.Rc2 Rc6 34.Bxe4 Rxe4 35.Rxe4 dxe4 36.Nd2 Nxa5
37.Rxc6 Nxc6 38.Nxe4 Kf8 39.f4 Ke7 40.Kf2 Nb4 41.Ke2 f5 42.Nc3 Kd6 43.e4 fxe4
44.Ke3 h5 45.gxh5 gxh5 46.Kxe4 Ke6 47.h4 Na6 48.f5+ Kf6 49.Nd5+ Kf7 50.Kd4 Nb8
51.Ke5 Nd7+ 52.Kd6 Nb8 53.Kc7 Na6+ 54.Kb6  1-0

[Event "2nd IECC"]
[Site "Ohrid MKD"]
[Date "2001.06.05"]
[Round "5"]
[White "San Segundo Carrillo,P"]
[Black "Ilic,Ljubo"]
[Result "1/2-1/2"]
[WhiteElo "2508"]
[BlackElo "2282"]

1.Nf3 Nf6 2.c4 g6 3.g3 Bg7 4.Bg2 O-O 5.O-O c5 6.d4 cxd4 7.Nxd4 Nc6 8.Nc3 Nxd4
9.Qxd4 d6 10.Qd3 Qc7 11.Bd2 Be6 12.b3 Rac8 13.Rac1 Qb8 14.h3 Bd7 15.Bg5 Rfe8
16.e4 Bc6 17.Rfe1 a6 18.a4 Nd7 19.Nd5 Bxd5 20.exd5 Bf6 21.Bxf6 exf6 22.a5 Re5
23.Rxe5 fxe5 24.Qe3 b6 25.axb6 a5 26.Ra1 Rc5 27.h4 Qxb6 28.h5 Qd8 29.Qd2 Kg7
30.Bh3 f5 31.h6+ Kf7 32.Bf1 Qb6 33.g4 fxg4 34.Qe3 Qd8 35.Be2 Qh4 36.Kg2 Qh3+
37.Qxh3 gxh3+ 38.Kxh3 Kf6 39.Bg4 Nf8 40.Kh4 g5+ 41.Kh5 Ng6 42.Be6 Nf4+ 43.Kg4 Nxe6
44.dxe6 e4 45.f4 exf3 46.Kxf3 Kxe6 47.Kg4 Re5 48.Rd1 Re3 49.Rd5 Rxb3 50.Rxa5 Rb4
51.Kxg5 Rxc4 52.Ra7 Rc5+ 53.Kg4 Kf6 54.Rxh7 Kg6  1/2-1/2

[Event "2nd IECC"]
[Site "Ohrid MKD"]
[Date "2001.06.12"]
[Round "11"]
[White "Colovic,A"]
[Black "Trkaljanov,V"]
[Result "1-0"]
[WhiteElo "2413"]
[BlackElo "2249"]

1.Nf3 Nf6 2.c4 g6 3.g3 Bg7 4.Bg2 O-O 5.O-O d6 6.Nc3 e5 7.d3 Nc6 8.Rb1 Bd7
9.b4 Qc8 10.b5 Nd8 11.Re1 h6 12.e4 a6 13.b6 c5 14.Nd5 Nxd5 15.cxd5 Bg4 16.Qa4 Bxf3
17.Bxf3 f5 18.Be2 f4 19.Qd1 Qd7 20.Bg4 Qe7 21.Rf1 h5 22.Bh3 Bh6 23.Bd2 Nf7
24.Bg2 Ng5 25.h4 Nh7 26.Qc1 g5 27.hxg5 Bxg5 28.Bf3 Qf6 29.Kg2 h4 30.gxf4 h3+
31.Kh1 Bxf4 32.Bxf4 Qxf4 33.Rg1+ Kh8 34.Qxf4 Rxf4 35.Rg3 Raf8 36.Bg4 Rxf2
37.Rxh3 Rf1+ 38.Rxf1 Rxf1+ 39.Kg2 Rf7 40.Bf5 Rg7+ 41.Kf2 Kg8 42.Rh6  1-0

[Event "Hotel Lippa GM"]
[Site "Szentgotthard HUN"]
[Date "2001.06.15"]
[Round "3"]
[White "Csom,I"]
[Black "Rajlich,V"]
[Result "1-0"]
[WhiteElo "2431"]
[BlackElo "2337"]

1.Nf3 Nf6 2.c4 g6 3.g3 Bg7 4.Bg2 O-O 5.d4 d6 6.Nc3 Nbd7 7.O-O e5 8.h3 c6
9.e4 Qb6 10.b3 exd4 11.Na4 Qa5 12.Nxd4 Nxe4 13.Bxe4 Qe5 14.Bb2 c5 15.Nf5 Qxe4
16.Nxg7 Ne5 17.Nc3 Qd4 18.Qe2 Bxh3 19.Nd5 Bxf1 20.Kxf1 Kxg7 21.Bxd4 cxd4
22.Qe4 Nc6 23.Qf4 Rad8 24.Qf6+ Kg8 25.Re1 d3 26.Rd1  1-0

[Event "White Nights"]
[Site "St Petersburg RUS"]
[Date "2001.06.16"]
[Round "8"]
[White "Gusev,Al"]
[Black "Andreikin,D"]
[Result "1/2-1/2"]
[WhiteElo "2383"]
[BlackElo "2217"]

1.Nf3 Nf6 2.c4 g6 3.g3 Bg7 4.Bg2 O-O 5.O-O c6 6.b3 d6 7.d4 Nbd7 8.Bb2 Qc7
9.Nc3 Re8 10.e4 e5 11.d5 c5 12.Ne1 a6 13.a4 Rb8 14.Nd3 Nf8 15.h3 Nh5 16.Kh2 Bd7
17.Bf3 Nf6 18.Qc2 Qc8 19.Bg2 Nh5  1/2-1/2

[Event "12th Open"]
[Site "Ljubljana SLO"]
[Date "2001.06.30"]
[Round "8"]
[White "Kukovec,B"]
[Black "Gombac,Jan"]
[Result "0-1"]
[WhiteElo "2079"]
[BlackElo "2230"]

1.Nf3 Nf6 2.c4 g6 3.g3 Bg7 4.Bg2 O-O 5.O-O c5 6.Nc3 Nc6 7.d4 d6 8.dxc5 dxc5
9.Bf4 Be6 10.Ne5 Na5 11.Qc2 Nh5 12.Rfd1 Qe8 13.Nd3 Nxf4 14.Nxf4 Bxc4 15.Na4 Bb5
16.Nxc5 Rc8 17.a4 b6 18.axb5 Rxc5 19.Qxc5 bxc5 20.Rxa5 Bxb2 21.Rb1 Qd8 22.Rxa7 c4
23.Rxb2 Qd1+ 24.Bf1 g5 25.Nd3 cxd3 26.Raa2 Rc8 27.Rd2 Qe1 28.b6 Rc1  0-1

[Event "IV Copa Mercosur"]
[Site "Vicente Lopez ARG"]
[Date "2001.06.30"]
[Round "7"]
[White "Scarella,E"]
[Black "Ricardi,P"]
[Result "0-1"]
[WhiteElo "2361"]
[BlackElo "2554"]

1.Nf3 Nf6 2.c4 g6 3.g3 Bg7 4.Bg2 O-O 5.Nc3 d5 6.cxd5 Nxd5 7.O-O c5 8.Nxd5 Qxd5
9.d3 Nc6 10.a3 Qd6 11.Rb1 Be6 12.Bf4 Qd7 13.Qd2 Rac8 14.Rfc1 Nd4 15.Nxd4 Bxd4
16.b3 Qb5 17.Be3 Bxe3 18.Qxe3 b6 19.Rc3 Rcd8 20.Qc1 a5 21.Qb2 Rd6 22.h4 Rfd8
23.Bf3 Bd5 24.Bxd5 Rxd5 25.Rc4 Rd4 26.Rxd4 Rxd4 27.Qc1 h5 28.a4 Qd7 29.Qe3 Rb4
30.Qe5 f6 31.Qc3 Qd5 32.Rb2 Kf7 33.f3 g5 34.e4 Qd6 35.hxg5 Qxg3+ 36.Rg2 Qxf3
37.gxf6 Qd1+ 38.Kh2 exf6 39.Rf2 Rd4 40.Rd2 Qf3 41.Qc2 Qf4+ 42.Kg1 Qg3+ 43.Kf1 Qh3+
44.Ke1 Qh1+ 45.Kf2 Qh4+ 46.Kf1 Ke7 47.Rf2 Qh3+ 48.Ke2 Qg4+ 49.Kf1 h4 50.Qd2 h3
51.Rf5 Qg3 52.e5 h2 53.exf6+ Kf7  0-1

[Event "6th Leg Russian Cup"]
[Site "Tomsk RUS"]
[Date "2001.07.06"]
[Round "7"]
[White "Andreeva,N"]
[Black "Grunina,N"]
[Result "1-0"]
[WhiteElo "2300"]
[BlackElo "2065"]

1.Nf3 Nf6 2.c4 g6 3.g3 Bg7 4.Bg2 O-O 5.O-O d6 6.d4 Nc6 7.d5 Na5 8.Nfd2 c5
9.Nc3 Rb8 10.Qc2 e6 11.Rb1 exd5 12.cxd5 b5 13.b4 cxb4 14.Rxb4 Qc7 15.Qd3 Ba6
16.Ba3 Nc4 17.Nxc4 bxc4 18.Qc2 Rxb4 19.Bxb4 Rb8 20.Qa4 Qb6 21.Rb1 Bb5 22.Qc2 Ng4
23.e3 Bh6 24.Qe2 f5 25.a4 Ba6 26.h3 Ne5 27.Ba5 Qxa5 28.Rxb8+ Kf7 29.Qc2 Qc7
30.Rb1 Nd3 31.Nb5 Qc5 32.Nd4 Nb4 33.Qd1 c3 34.Nc2 Nxc2 35.Qxc2 Qc4 36.Bf1 Qc8
37.Bxa6 Qxa6 38.Qxc3 g5 39.Qc6 Qd3 40.Rb7+ Kg6 41.Qxd6+ Kh5 42.Rxh7 Qb1+
43.Kh2  1-0

[Event "Open"]
[Site "Andorra AND"]
[Date "2001.07.07"]
[Round "8"]
[White "Rotstein,A"]
[Black "Comas Fabrego,L"]
[Result "1-0"]
[WhiteElo "2503"]
[BlackElo "2510"]

1.c4 Nf6 2.Nf3 g6 3.g3 Bg7 4.Bg2 O-O 5.O-O d6 6.Nc3 Nc6 7.d3 h6 8.Rb1 e5
9.b4 Be6 10.b5 Ne7 11.Bb2 Qd7 12.Qb3 Bh3 13.Nd5 Nexd5 14.cxd5 Bxg2 15.Kxg2 Nh5
16.Rfc1 f5 17.Rc4 Rf7 18.Rbc1 Rc8 19.R1c2 g5 20.Qa4 g4 21.Nd2 Nf6 22.e4 h5
23.Qxa7 b6 24.a4 fxe4 25.dxe4 Bh6 26.Nf1 Qd8 27.a5 c5 28.Qxb6 Qxb6 29.axb6 Rb8
30.Bc1 Bf8 31.Bg5 Nh7 32.Bh4 Bh6 33.Ra4 Nf8 34.Rca2 Rfb7 35.Ra8 Rxa8 36.Rxa8 c4
37.Bd8 c3 38.Rc8 Bd2 39.Ne3 Bxe3 40.fxe3 Nd7 41.Rxc3  1-0

[Event "Open"]
[Site "Karvina CZE"]
[Date "2001.07.07"]
[Round "8"]
[White "Helis,T"]
[Black "Firt,S"]
[Result "1/2-1/2"]
[WhiteElo "2231"]
[BlackElo "2322"]

1.c4 Nf6 2.Nf3 g6 3.g3 Bg7 4.Bg2 O-O 5.O-O d6 6.d4 c6 7.Nc3 Qa5 8.a3 Be6
9.Qd3 Qa6 10.b3 d5 11.Nd2 Nbd7 12.Bb2 Rfd8 13.Rfc1 dxc4 14.Nxc4 Nb6 15.Nd1 Ne8
16.e3 c5 17.Ne5 Qxd3 18.Nxd3 cxd4 19.exd4 Bd5 20.Nc5 Rab8 21.Bxd5 Nxd5 22.Ne3 Bh6
23.Re1 Nxe3 24.fxe3 b6 25.Nd3 Rbc8 26.Kf2 Nd6 27.Re2 Nb5 28.g4 Nc3 29.Bxc3 Rxc3
30.Rd1 f6 31.Nb2 e6 32.Rd3 Rc7 33.Rdd2 Rdc8 34.Nd3 Kf7 35.Ne1 Rc3 36.Nf3 Ke7
37.Re1 Kd6 38.h4 f5 39.g5 Bg7 40.h5 gxh5 41.Rh1 h6 42.Rxh5 hxg5 43.Nxg5 Kd5
44.Kf3 Rh8 45.Rxh8 Bxh8 46.Nh3 Bf6 47.Ke2 Be7 48.Kf3 Bf6 49.Nf4+ Kd6 50.Ne2 Rc7
51.Nf4 Bg5 52.Rg2 Bxf4  1/2-1/2

[Event "Aegean Open"]
[Site "Ikaros GRE"]
[Date "2001.07.15"]
[Round "9"]
[White "Nikolaou,G"]
[Black "Ilic,Z1"]
[Result "0-1"]
[WhiteElo "2225"]
[BlackElo "2388"]

1.Nf3 Nf6 2.c4 g6 3.g3 Bg7 4.Bg2 O-O 5.Nc3 d6 6.d4 Nbd7 7.O-O e5 8.e4 c6
9.h3 Qa5 10.Be3 exd4 11.Bxd4 Re8 12.Qc2 a6 13.a3 Qc7 14.Rac1 a5 15.Rfe1 b6
16.Nd2 h5 17.f4 Bb7 18.Be3 Re7 19.b4 axb4 20.axb4 Rae8 21.Bf2 Bh6 22.Nf3 c5
23.Ng5 Bc6 24.Nd5 Bxd5 25.cxd5 Bxg5 26.fxg5 Nh7 27.Be3 Ne5 28.Bf4 Nf8 29.b5 Nfd7
30.Ra1 c4 31.Be3 Nc5 32.Rf1 Rc8 33.Rf6 Ncd7 34.Bd4 Ree8 35.Qc3 Ra8 36.Raf1 Ra4
37.g4 h4 38.Bf3 Kh7 39.Qe1 Rh8 40.Qxh4+ Kg8 41.Qe1 Rxh3 42.Kg2 Rh7 43.Be2 Nxf6
44.gxf6 Nd3 45.Qb1 Ra3 46.Rf3 Qc8 47.Kg3 Rb3 48.Qa1 g5 49.Bxd3 Rxd3 50.Rxd3 cxd3
51.Bxb6 Rh4 52.Qd1 Qxg4+ 53.Qxg4 Rxg4+ 54.Kf3 Rxe4 55.Be3 Rb4 56.b6 Kh7 57.Bxg5 Rxb6
58.Ke3 Kg6 59.Bh4 Rb5  0-1

[Event "Wilbert Paige Mem"]
[Site "New York USA"]
[Date "2001.07.15"]
[Round "2"]
[White "Schleifer,M"]
[Black "Kobese,W"]
[Result "1/2-1/2"]
[WhiteElo "2369"]
[BlackElo "2373"]

1.Nf3 Nf6 2.c4 g6 3.g3 Bg7 4.Bg2 O-O 5.Nc3 d6 6.O-O e5 7.d4 Nbd7 8.e3 c6
9.Qc2 Ne8 10.b4 f5 11.a4 e4 12.Nd2 a5 13.b5 c5 14.Nb3 b6 15.Bb2 Bb7 16.Rad1 Qe7
17.dxc5 dxc5 18.Qd2 Ne5 19.Nd5 Qe6 20.Bxe5 Bxe5 21.f3 exf3 22.Bxf3 Rb8 23.Qd3 Nd6
24.Nc1 Nf7 25.Ne2 Bg7 26.Nef4 Qe5 27.Bg2 Ng5 28.Rfe1 Rfe8 29.Qf1 Ba8 30.Nd3 Qd6
31.Qf4 Qxf4 32.exf4 Ne4 33.Bxe4 Bd4+ 34.Kf1 fxe4 35.Nc7 Re7 36.Nxa8 Rxa8
37.Nc1 e3 38.Ke2 Bc3 39.Rf1 Bd2 40.Nd3 Re4 41.Ne5 Rd8 42.h4 Rdd4 43.h5 Kg7
44.hxg6 hxg6 45.Rh1 Rxc4 46.Nxc4 Rxc4 47.Rh3 Rxa4 48.Rdh1 Rb4 49.Rh7+ Kf6
50.Rd7 Rxb5 51.Rhh7 Rb1 52.g4 Ke6 53.Rhe7+ Kf6 54.Rf7+ Ke6 55.Rfe7+ Kf6  1/2-1/2

[Event "Czech Open"]
[Site "Pardubice CZE"]
[Date "2001.07.21"]
[Round "2"]
[White "Shestoperov,A"]
[Black "Richter,C"]
[Result "1/2-1/2"]
[WhiteElo "2429"]
[BlackElo "2265"]

1.c4 Nf6 2.Nf3 g6 3.g3 Bg7 4.Bg2 O-O 5.O-O d6 6.d4 Nc6 7.Nc3 a6 8.h3 Rb8
9.Be3 b5 10.Nd2 Bb7 11.cxb5 axb5 12.Nxb5 Na5 13.Bxb7 Rxb7 14.Nc3 Rxb2 15.Qa4 c5
16.dxc5 Nd7 17.Rac1 Nxc5 18.Bxc5 dxc5 19.Nf3 Qa8 20.Rfd1 Nc6 21.Qc4 Ne5 22.Nxe5 Bxe5
23.Na4 Rb4 24.Qxc5 Rxa4 25.Qxe5 Rxa2  1/2-1/2

[Event "Czech Open"]
[Site "Pardubice CZE"]
[Date "2001.07.22"]
[Round "3"]
[White "Fridman,D"]
[Black "Bromberger,S"]
[Result "1-0"]
[WhiteElo "2562"]
[BlackElo "2353"]

1.c4 Nf6 2.Nf3 g6 3.g3 Bg7 4.Bg2 O-O 5.d4 d6 6.Nc3 Nbd7 7.O-O e5 8.e4 c6
9.h3 Qb6 10.Re1 exd4 11.Nxd4 Ne8 12.Nb3 a5 13.Be3 Qb4 14.a3 Qxc4 15.Nd4 f6
16.Bf1 Qf7 17.Rc1 Nc7 18.Nd5 Nc5 19.Nb6 Nxe4 20.Nxa8 Nxa8 21.Qa4 f5 22.Qxa5 f4
23.gxf4 Nc7 24.Bg2 d5 25.Nxc6 bxc6 26.Rxc6 Ne6 27.Qxd5 Nf6 28.Qc4 Bd7 29.Ra6 Rc8
30.Ra8 Rxa8 31.Bxa8 Ne8 32.b4 N8c7 33.Bc6 Bxc6 34.Qxc6 Qf5 35.Bb6 Nxf4 36.Bxc7 Nxh3+
37.Kh1 Nxf2+ 38.Kg2 Qh3+ 39.Kxf2 Bd4+ 40.Ke2 Qe3+ 41.Kd1 Qd3+ 42.Kc1 Qxa3+
43.Kc2 Qb2+ 44.Kd3  1-0

[Event "MTO"]
[Site "Biel SUI"]
[Date "2001.07.23"]
[Round "1"]
[White "Campanile,A"]
[Black "Rashkovsky,N"]
[Result "0-1"]
[WhiteElo "2157"]
[BlackElo "2497"]

1.c4 Nf6 2.Nf3 g6 3.g3 Bg7 4.Bg2 O-O 5.O-O Nc6 6.d4 d6 7.d5 Na5 8.Nbd2 c5
9.e4 e6 10.a4 exd5 11.cxd5 Re8 12.Re1 Bg4 13.Ra3 a6 14.h3 Bxf3 15.Rxf3 Nd7
16.Bf1 Rb8 17.Ra3 b5 18.axb5 axb5 19.Nb3 Nxb3 20.Qxb3 c4 21.Qd1 Nc5 22.Qc2 Ra8
23.Bd2 Rxa3 24.bxa3 Nb3 25.Bb4 h5 26.Bg2 h4 27.gxh4 Be5 28.Qd1 Qxh4 29.a4 Qf4
30.Qg4 Qh2+ 31.Kf1 Nd4  0-1

[Event "Czech Open"]
[Site "Pardubice CZE"]
[Date "2001.07.23"]
[Round "4"]
[White "Richter,C"]
[Black "Tolstikh,N"]
[Result "0-1"]
[WhiteElo "2265"]
[BlackElo "2436"]

1.Nf3 Nf6 2.c4 g6 3.g3 Bg7 4.Bg2 O-O 5.O-O d5 6.d4 dxc4 7.Na3 a5 8.Nxc4 Be6
9.Nce5 Bd5 10.Bf4 c6 11.Qc2 Na6 12.b3 Nc7 13.Rfd1 Ne6 14.Be3 Qb6 15.Ng5 Nc7
16.f3 h6 17.Nh3 a4 18.Nc4 Qa6 19.Rab1 axb3 20.axb3 Nb5 21.Qc1 g5 22.Nf2 Nd7
23.Bf1 Qa7 24.Ng4 Rfd8 25.Bf2 Qb8 26.Nge3 Be6 27.Ng2 Bf5 28.e4 Bg6 29.Qc2 Nf8
30.Ne5 Na3 31.Qb2 Nxb1 32.Nxg6 Nxg6 33.Qxb1 Qa7 34.e5 Qa2 35.Qe4 Nxe5 36.Re1 Nd7
37.Qxe7 Qxb3 38.Ne3 Bf8 39.Qe4 Nf6 40.Qf5 Qe6 41.Qb1 b5 42.Nc4 Qd5 43.Nb6 Qa2
44.Qf5 Kg7 45.Nxa8 Qxa8 46.Rc1 Rd5 47.Qc2 Rd6 48.Qb2 Nd5 49.Bd3 Be7 50.Be4 Bf6
51.Ra1 Qb7 52.Rb1 Qd7 53.Qc2 Ne7 54.d5 Nxd5 55.Bc5 Nc3 56.Bxd6 Qxd6 57.Re1 c5
58.Bh7 Qd8 59.Kg2 c4  0-1

[Event "Open"]
[Site "Novosibirsk RUS"]
[Date "2001.07.24"]
[Round "6"]
[White "Shushpanov,R"]
[Black "Isanbaev,R"]
[Result "1/2-1/2"]
[WhiteElo "2436"]
[BlackElo "2362"]

1.c4 Nf6 2.Nf3 g6 3.g3 Bg7 4.Bg2 O-O 5.O-O d6 6.Nc3 e5 7.d3 a5 8.Rb1 c6 9.Bg5 Qc7
10.Bxf6 Bxf6 11.a3 Be6 12.Nd2 Nd7 13.b4 axb4 14.axb4 Ra3 15.Qc1 Rfa8 16.Nb3 R3a7
17.b5 Ra3 18.Qe3 Kg7 19.Rfc1 h6 20.h4 Be7 21.Qd2  1/2-1/2

[Event "MTO"]
[Site "Biel SUI"]
[Date "2001.07.26"]
[Round "4"]
[White "Cvitan,O"]
[Black "Konguvel,P"]
[Result "1-0"]
[WhiteElo "2555"]
[BlackElo "2371"]

1.Nf3 Nf6 2.c4 g6 3.g3 Bg7 4.Bg2 O-O 5.O-O d5 6.cxd5 Nxd5 7.Nc3 Nb6 8.d3 Nc6
9.Be3 e5 10.Rc1 Nd4 11.Ne4 Be6 12.Nxd4 exd4 13.Bg5 f6 14.Bf4 Nd5 15.Nc5 Nxf4
16.gxf4 Bf7 17.Nxb7 Qe7 18.Re1 Rab8 19.Qa4 f5 20.Qxa7 Qh4 21.Na5 Qxf4 22.Rxc7 Be5
23.Rc2 Qxh2+ 24.Kf1 Bf6 25.Nc6 Rbc8 26.Ne7+ Bxe7 27.Rxc8 Rxc8 28.Qxe7 Qf4
29.a4 Qd2 30.Bb7 Re8 31.Qd7 Qxb2 32.a5 f4 33.a6 Qa2 34.Qxd4 Be6 35.a7 Qa5
36.Bg2 Qg5 37.Qe4  1-0

[Event "XXI Open"]
[Site "Cullera ESP"]
[Date "2001.07.26"]
[Round "8"]
[White "Delchev,A"]
[Black "Tyomkin,D"]
[Result "1/2-1/2"]
[WhiteElo "2629"]
[BlackElo "2461"]

1.c4 Nf6 2.Nf3 g6 3.g3 Bg7 4.Bg2 O-O 5.O-O d5 6.d4 dxc4 7.Na3 c3 8.bxc3 c5
9.e3 Nc6 10.Qe2 Nd5 11.Nc2 Nb6  1/2-1/2

[Event "Keres Mem Open"]
[Site "Tallinn EST"]
[Date "2001.07.26"]
[Round "2"]
[White "Porrasmaa,T"]
[Black "Yewdokimov,O"]
[Result "0-1"]
[WhiteElo "2212"]
[BlackElo "2390"]

1.Nf3 Nf6 2.c4 g6 3.g3 Bg7 4.Bg2 O-O 5.O-O d6 6.Nc3 e5 7.d3 Nc6 8.Rb1 a5
9.a3 h6 10.b4 axb4 11.axb4 Be6 12.b5 Ne7 13.Qb3 Nd7 14.Ba3 Ra7 15.Ne1 f5
16.Nc2 f4 17.Ne4 Nf5 18.Ra1 g5 19.Bb2 Rxa1 20.Rxa1 Nd4 21.Nxd4 exd4 22.Ra7 b6
23.Qa2 Nc5 24.Ra8 Qe7 25.Rxf8+ Kxf8 26.Qa1 Kf7 27.Nd2 Bg4 28.Bd5+ Kg6 29.Bxd4 Bxd4
30.Qxd4 Bxe2 31.Ne4 Bxd3 32.f3 Qe5 33.Qxe5 dxe5 34.Nxc5 bxc5 35.Kf2 Kf6 36.Ke1 e4  0-1

[Event "Open"]
[Site "Novosibirsk RUS"]
[Date "2001.07.27"]
[Round "9"]
[White "Maltsev,Vl"]
[Black "Korobkin,M"]
[Result "1-0"]
[WhiteElo "2234"]
[BlackElo "2175"]

1.Nf3 Nf6 2.c4 g6 3.g3 Bg7 4.Bg2 O-O 5.O-O c6 6.d4 d5 7.cxd5 cxd5 8.Ne5 Nc6
9.Nxc6 bxc6 10.Nc3 Bf5 11.Bf4 Nh5 12.Be3 Rc8 13.Na4 Nf6 14.Nc5 e5 15.dxe5 Ng4
16.Bd4 Nxe5 17.Qd2 Qe7 18.Qc3 f6 19.Rfe1 Rfd8 20.b3 Qf7 21.h3 Nd7 22.Nb7 Qe7
23.Nxd8 Qxd8 24.Rac1 Be6 25.Red1 Kh8 26.b4 a6 27.f4 Nb6 28.Qe3  1-0

[Event "Keres Mem Open"]
[Site "Tallinn EST"]
[Date "2001.07.27"]
[Round "4"]
[White "Kengis,E"]
[Black "Sepp,O"]
[Result "0-1"]
[WhiteElo "2572"]
[BlackElo "2442"]

1.Nf3 Nf6 2.c4 g6 3.g3 Bg7 4.Bg2 O-O 5.d4 d6 6.O-O Nbd7 7.Nc3 e5 8.e3 Re8
9.a4 c6 10.a5 e4 11.Ng5 d5 12.cxd5 cxd5 13.f3 h6 14.Nxf7 Qe7 15.fxe4 dxe4
16.Ne5 Nxe5 17.dxe5 Qxe5 18.Qb3+ Be6 19.Qxb7 Bc4 20.Rf2 Reb8 21.Qc6 Rc8 22.Qa4 Rab8
23.Qd1 h5 24.Bf1 Bb3 25.Qe1 Bh6 26.Bh3 Rd8 27.Bd2 Be6 28.Nd1 Nd5 29.Bg2 Bg4
30.Nc3 Rxb2 31.Bxe4 Nxc3 32.Bxc3 Qxe4 33.Bxb2 Bxe3 34.Qc3 Bd4 35.Qe1 Qxe1+
36.Rxe1 Bxf2+  0-1

[Event "ch-Paris Open"]
[Site "Paris FRA"]
[Date "2001.07.28"]
[Round "8"]
[White "Decroix,P"]
[Black "Draoui,N"]
[Result "1-0"]
[WhiteElo "2157"]
[BlackElo "2283"]

1.c4 Nf6 2.Nf3 g6 3.g3 Bg7 4.Bg2 O-O 5.O-O d6 6.d4 c6 7.Nc3 Qa5 8.d5 Qa6
9.Nd2 Nfd7 10.Qc2 Ne5 11.b3 cxd5 12.Nxd5 Nbc6 13.Bb2 Rb8 14.b4 b5 15.a4 Bf5
16.e4 bxc4 17.b5 Qa5 18.exf5 Nb4 19.Qc3  1-0

[Event "Keres Mem Open"]
[Site "Tallinn EST"]
[Date "2001.07.28"]
[Round "6"]
[White "Kengis,E"]
[Black "Lybin,D"]
[Result "1-0"]
[WhiteElo "2572"]
[BlackElo "2434"]

1.Nf3 Nf6 2.g3 g6 3.c4 Bg7 4.Bg2 O-O 5.d4 c6 6.Nc3 d6 7.O-O Bf5 8.b3 Ne4
9.Bb2 Nxc3 10.Bxc3 Be4 11.e3 a5 12.Bh3 Bxf3 13.Qxf3 d5 14.Rfc1 e6 15.Bf1 Nd7
16.a4 f5 17.b4 axb4 18.Bxb4 Rf7 19.cxd5 exd5 20.a5 Nf6 21.Qd1 g5 22.a6 f4
23.exf4 gxf4 24.axb7 Rxa1 25.Rxa1 Rxb7 26.Qa4 fxg3 27.hxg3 Qe8 28.Bg2 h5
29.Re1 Qb8 30.Bd2 Rb2 31.Bf4 Qb7 32.Qd1 Qb4 33.Bf3 Ng4 34.Bxg4 hxg4 35.Be3 c5
36.dxc5 d4 37.Bc1 Ra2 38.c6 Qc3 39.Bf4 d3 40.c7 Kf7 41.c8=Q  1-0

[Event "Keres Mem Open"]
[Site "Tallinn EST"]
[Date "2001.07.30"]
[Round "8"]
[White "Porrasmaa,T"]
[Black "Gomon,D"]
[Result "1/2-1/2"]
[WhiteElo "2212"]
[BlackElo "2030"]

1.Nf3 Nf6 2.c4 g6 3.g3 Bg7 4.Bg2 O-O 5.O-O c6 6.Nc3 d5 7.cxd5 cxd5 8.d4 Nc6
9.Ne5 Qb6 10.Nxc6 bxc6 11.Na4 Qb5 12.b3 Qb4 13.Bb2 Bf5 14.Rc1 Rfc8 15.Nc5 Nd7
16.Nxd7 Bxd7 17.Rc5 e5 18.Bc3 Qb6 19.Ba5 Qa6 20.Bc3 exd4 21.Bxd4 Bxd4 22.Qxd4 Qxe2
23.a4 Re8 24.b4 Rab8 25.h4 Qe5 26.Qd2 Qe2 27.Qd4 Qe5 28.Qd2 Qe2  1/2-1/2